000
00311nam a22001457a 4500
003
SGT
082
_a
301
_b
S14P
100
_a
PLUMMER, KEN
245
_a
SOCIOLOGY: A GLOBAL INTRODUCTION
250
_a
5TH
260
_a
INDIA
_b
PERSON
_c
2014
300
_a
1040
650
_a
SOCIOLOGY
942
_2
ddc
_c
BK
_0
2
999
_c
15087
_d
15087